00444nam a22001577a 450000500170000001000150001702000260003203500140005803700130007208200080008510000160009324500430010926000470015227000760019930000110027520170627150840.0 aENG-118957 a9789382949295c250.00 aEN-102489 bDBAD/PUB a881 aSrilata, K. aBookmarking the oasis /cby K. Srilata aMumbaibPaperwall Media & Publishingc2015 aD-1201, Octacrest, Lokhandwala Township, Kandivali (East) Mumbai-400101 axv,71p